| 000 | 00382nam a2200157Ia 4500 | ||
|---|---|---|---|
| 008 | 210716s2003 xx 000 0 und d | ||
| 020 | _a0333923952 | ||
| 041 | _aeng | ||
| 082 | _a658 GUPA | ||
| 100 | _aGupta, A K;Sharma, J K. | ||
| 245 | _aManagement of systems. | ||
| 250 | _a1 | ||
| 260 |
_aNew Delhi _bMacmillan India Ltd _c2003 |
||
| 300 | _aix,559 | ||
| 650 | _aMANAGEMENT | ||
| 999 |
_c203334 _d203334 |
||